000
00267nam a2200109 a 4500
005
20140414132043.0
008
110325s19uu xx 00 eng d
050
_a
BB
_b
H86 2009
100
_a
Angeles, Alberta
245
_a
Si Langgam at si Tipaklong.
999
_c
113905
_d
113905